The Ocean Of Theosophy (Record no. 1394152)

MARC details
000 -LEADER
fixed length control field 00671nam a2200277Ia 4500
008 - FIXED-LENGTH DATA ELEMENTS--GENERAL INFORMATION
fixed length control field 160716s9999||||xx |||||||||||||| ||und||
040 ## - CATALOGING SOURCE
Transcribing agency English
082 ## - DEWEY DECIMAL CLASSIFICATION NUMBER
Classification number XIC/Judge
082 ## - DEWEY DECIMAL CLASSIFICATION NUMBER
Item number BORI-9737
100 ## - MAIN ENTRY--PERSONAL NAME
Personal name William Q. Judge
245 #4 - TITLE STATEMENT
Title The Ocean Of Theosophy
260 ## - PUBLICATION, DISTRIBUTION, ETC. (IMPRINT)
Place of publication, distribution, etc Los Angeles
260 ## - PUBLICATION, DISTRIBUTION, ETC. (IMPRINT)
Name of publisher, distributor, etc The Theosophy Company
300 ## - PHYSICAL DESCRIPTION
Extent Xiii+162
300 ## - PHYSICAL DESCRIPTION
Dimensions A
300 ## - PHYSICAL DESCRIPTION
Accompanying material Hardbound
530 ## - ADDITIONAL PHYSICAL FORM AVAILABLE NOTE
Uniform Resource Identifier <a href="00009737.pdf">00009737.pdf</a>
563 ## - BINDING INFORMATION
Binding note Study
600 ## - SUBJECT ADDED ENTRY--PERSONAL NAME
Personal name William Q. Judge
630 ## - SUBJECT ADDED ENTRY--UNIFORM TITLE
Uniform title The Ocean Of Theosophy
650 ## - SUBJECT ADDED ENTRY--TOPICAL TERM
Topical term or geographic name as entry element General Indology
650 ## - SUBJECT ADDED ENTRY--TOPICAL TERM
Topical term or geographic name as entry element Philosophy
700 ## - ADDED ENTRY--PERSONAL NAME
Personal name William Q. Judge
730 ## - ADDED ENTRY--UNIFORM TITLE
Uniform title The Ocean Of Theosophy
942 ## - ADDED ENTRY ELEMENTS (KOHA)
Koha item type Book

No items available.